000 00226 a2200097 4500
001 72057
082 _a808.882 RAF
090 _c38804
_d38804
245 _aThought provoking quotations
260 _aDelhi
_bKitab manzil
_c2007
942 _aNUST-CAE
_k808.882 RAF
999 _c307130
_d307130